[Event "6th Altibox Norway Chess 2018"]
[Site "Stavanger"]
[Date "2018.05.28"]
[Round "1.2"]
[White "Anand, Viswanathan"]
[Black "Aronian, Levon"]
[Result "1/2-1/2"]
[WhiteElo "2760"]
[BlackElo "2764"]
[Annotator "TA"]
[PlyCount "61"]
[EventDate "2018.05.26"]
[EventType "tourn"]
[EventRounds "9"]
[EventCountry "NOR"]
[SourceTitle "playchess.com"]
[Source "ChessBase"]
[SourceQuality "1"]

{[%evp 14,61,35,13,35,30,33,0,0,0,7,18,0,12,20,0,0,-3,0,0,0,0,0,-5,0,-5,-11,-11,-7,-12,-10,-14,-17,-38,-38,-38,-38,-26,-29,-37,-24,-38,-8,-8,-8,-13,0,0,0,-8]} 1. e4 e5 2. Nf3 Nc6 3. Bb5 Nf6 4. d3 Bc5 5. c3 d5 (5... O-O 6. O-O d6 7. h3 Bb6 8. Nbd2 Ne7 9. Re1 c6 10. Ba4 Ng6 11. Nf1 d5 12. Ng3 dxe4 13. Nxe4 Nxe4 14. dxe4 Be6 15. Bb3 {½-½ (29) Anand,V (2760)-Carlsen,M (2843) Stavanger 2018}) (5... O-O 6. O-O Re8 7. Bg5 Be7 8. Re1 d6 9. d4 Bd7 10. d5 Nb8 11. Bxf6 Bxf6 12. a4 Be7 13. Na3 Rf8 14. Bxd7 Nxd7 {½-½ (31) Anand,V (2776)-Aronian,L (2794) Karlsruhe/Baden-Baden 2018}) 6. Nbd2 {C65: Spanische Partie (Berliner-Verteidigung)} O-O 7. O-O Re8 8. exd5 {LiveBook: 3 Partien. Weiß steht etwas besser.} a6 (8... Nxd5 {keeps more tension.} 9. Re1 Bd6 10. Nc4 Qf6 11. Na5 a6) 9. Bxc6 $146 ({Vorgänger:} 9. Bc4 Na5 10. Nb3 Nxc4 11. dxc4 Ba7 12. Bg5 b5 13. Nbd2 {1-0 (42) Gopal,G (2560)-Melkumyan,H (2653) Bad Wiessee 2016}) 9... bxc6 10. Ne4 (10. d4 {is more complex.} exd4 11. cxd4 Bb6 12. dxc6 Qd5 13. Nb3) 10... Nxe4 11. dxe4 cxd5 12. Qxd5 Qxd5 13. exd5 e4 14. Nd2 e3 15. fxe3 Bxe3+ 16. Kh1 Bg4 {Weiss muss nun ...Le2 beachten.} 17. Nf3 $1 Bxc1 $1 18. Raxc1 Re2 $1 19. b4 Bxf3 20. Rxf3 Rxa2 $11 {[%mdl 4096] Endspiel KTT-KTT} 21. Kg1 Rd2 22. c4 Rb8 23. b5 axb5 24. cxb5 Rxb5 25. Rxc7 {[%cal Rc7c8] [#]} Rb1+ 26. Rf1 Rxf1+ 27. Kxf1 {[%cal Rc7c8]} Kf8 28. Rc8+ {Die Stellung ist ausgeglichen.} Ke7 29. Rc7+ Kf8 30. Rc8+ Ke7 31. Rc7+ {Precision: Weiß = 64%, Schwarz = 79%.} 1/2-1/2

[Event "6th Altibox Norway Chess 2018"]
[Site "Stavanger"]
[Date "2018.05.28"]
[Round "1.3"]
[White "So, Wesley"]
[Black "Karjakin, Sergey"]
[Result "1/2-1/2"]
[WhiteElo "2778"]
[BlackElo "2782"]
[Annotator "TA"]
[PlyCount "116"]
[EventDate "2018.05.26"]
[EventType "tourn"]
[EventRounds "9"]
[EventCountry "NOR"]
[SourceTitle "playchess.com"]
[Source "ChessBase"]
[SourceQuality "1"]

{[%evp 13,116,0,12,0,4,4,34,30,42,24,31,40,43,38,58,20,56,23,24,22,19,21,38,12,12,14,2,7,0,6,36,37,35,30,30,32,33,16,16,16,16,16,16,16,21,16,16,16,16,16,25,20,24,17,25,17,32,17,27,18,40,0,8,8,10,0,0,0,0,0,0,0,0,0,0,0,0,0,0,0,0,0,0,0,0,0,0,0,0,0,0,0,0,0,0,0,0,0,0,0,0,0,0,0,0]} 1. Nf3 d5 2. d4 Nf6 3. c4 e6 4. g3 Bb4+ 5. Bd2 Be7 6. Bg2 O-O 7. O-O Nbd7 {LiveBook: 582 Games} 8. b4 {E11: Bogo-Indian} (8. Qc2 c6 9. Rc1 b6 10. a4 Ne4 11. Be1 a5 12. Nbd2 Nxd2 13. Nxd2 Bf6 14. cxd5 cxd5 15. e4 Bxd4 16. Nb3 Bf6 17. exd5 exd5 18. Bxd5 {½-½ (28) Grischuk,A (2767)-Karjakin,S (2763) Berlin 2018}) (8. Qc2 c6 9. Bf4 b6 10. cxd5 cxd5 11. Rc1 Bb7 12. Qb3 Rc8 13. Rxc8 Qxc8 14. Nc3 Nh5 15. Bg5 Bxg5 16. Nxg5 Nhf6 17. e3 Qb8 18. Bf1 Rc8 {½-½ (56) So,W (2788)-Karjakin,S (2760) London 2017}) 8... c6 9. a4 Bd6 $146 ({Predecessor:} 9... Ne4 10. Be1 b6 11. a5 Ba6 12. Ne5 Qc7 13. axb6 axb6 14. Nxd7 Qxd7 15. Na3 f5 {1-0 (26) Globus,O (2389)-Gonda,L (2515) Budapest 2018}) 10. Qc2 {White is slightly better.} e5 11. cxd5 cxd5 12. dxe5 Nxe5 13. Bc3 Re8 14. Nbd2 Nxf3+ 15. Bxf3 Bh3 16. Rfc1 Qe7 17. Qb2 Rad8 18. b5 Ne4 19. Nxe4 dxe4 20. Bg2 Bxg2 21. Kxg2 f6 22. Bd4 Qe6 23. Qa2 (23. Rab1 {seems wilder.} Bb8 24. Be3 f5 25. Rd1 h6 26. Rd2) 23... Bb8 {[#] White must now prevent ...Qxa2.} 24. Qxe6+ Rxe6 25. e3 Kf7 26. Ra2 b6 27. Rac2 h5 28. h3 Rh8 29. Kf1 Rd8 30. Ke2 Re7 31. Rc6 Re6 32. R6c4 Re7 33. Bc3 Ree8 34. Bb4 Rd7 35. R1c2 f5 36. Rc1 Be5 37. g4 hxg4 {The position is equal.} 38. hxg4 g6 39. Rg1 Red8 40. Rc6 {[#] Threatens to win with gxf5.} Rc7 41. Rxc7+ Bxc7 $11 {[%mdl 4096] Endgame KRB-KRB} 42. Rh1 Rd7 43. gxf5 gxf5 44. Rh6 Be5 45. f3 exf3+ 46. Kxf3 Rd3 47. Ke2 Rb3 48. Bd6 Bxd6 49. Rxd6 {KR-KR} Rb4 50. Rd7+ Ke6 51. Rxa7 f4 52. Ra6 {Hoping for exf4.} Kd5 53. exf4 Rxf4 54. Rxb6 Rxa4 55. Ra6 Rxa6 56. bxa6 {Threatening mate with a7.} Kc6 57. a7 Kb7 58. a8=R Kxa8 {Precision: White = 53%, Black = 70%.} 1/2-1/2

[Event "6th Altibox Norway Chess 2018"]
[Site "Stavanger"]
[Date "2018.05.28"]
[Round "1.4"]
[White "Carlsen, Magnus"]
[Black "Caruana, Fabiano"]
[Result "1-0"]
[WhiteElo "2843"]
[BlackElo "2822"]
[Annotator "TA"]
[PlyCount "153"]
[EventDate "2018.05.26"]
[EventType "tourn"]
[EventRounds "9"]
[EventCountry "NOR"]
[SourceTitle "playchess.com"]
[Source "ChessBase"]
[SourceQuality "1"]

{[%evp 13,153,0,0,0,0,0,0,0,8,20,9,7,38,0,0,0,0,0,15,0,0,0,12,8,9,4,22,2,26,0,18,30,17,12,22,0,22,0,96,102,97,77,99,72,88,82,97,84,171,168,175,175,183,170,168,168,153,127,208,207,241,248,240,240,235,233,383,375,475,475,475,475,459,444,445,445,444,444,437,437,670,660,595,417,408,382,1435,1063,1435,1435,1435,1270,1270,1259,1245,1150,795,0,772,765,29966,702,575,0,29971,29973,29970,29974,29974,29975,29975,29976,29975,29974,29974,29975,29975,29967,29967,29968,29964,29963,29981,29982,29984,29952,29967,11573,29978,29978,29978,29979,29980,29981,29977,29971,29969,7010,29986,29987,29987,29988]} 1. e4 e5 2. Bc4 Nf6 3. d3 c6 4. Nf3 d5 5. Bb3 Bb4+ 6. Bd2 Bxd2+ 7. Nbxd2 a5 {LiveBook: 5 Games. ...a4 is the strong threat. C24: Bishop's Opening: 2...Nf6} 8. c3 (8. a3 a4 9. Ba2 Nbd7 10. O-O O-O 11. Re1 Re8 12. h3 h6 13. Nf1 Qb6 14. Ne3 d4 15. Nf5 {0-1 (42) Adhiban,B (2655)-Ding,L (2777) Riadh 2017}) 8... Nbd7 9. exd5 cxd5 {The position is equal.} 10. O-O O-O 11. Re1 Re8 12. Nf1 b5 $146 ({Predecessor:} 12... Qc7 13. Ne3 Nb6 14. a4 Bg4 15. Nxg4 Nxg4 {½-½ (41) Pirs,M (2552)-Akdag,M (2535) ICCF email 2011}) 13. a4 b4 14. cxb4 axb4 15. Ne3 Bb7 16. d4 e4 $1 {[%cal Re4f3]} 17. Ne5 Nxe5 18. dxe5 Rxe5 19. Qd4 Re7 20. Rac1 Rd7 21. Red1 h6 22. Rc5 Ra5 23. Rxa5 Qxa5 24. h3 Kh7 25. Rc1 Rc7 (25... Qa6 $11 {remains equal.}) 26. Rxc7 $1 $16 Qxc7 27. Qxb4 Qc1+ 28. Bd1 Ba6 29. Qd4 Be2 30. Kh2 Bxd1 (30... Qc7+ $16 {was worth a try.} 31. g3 Bxd1 32. Nxd1 h5) 31. Nxd1 $18 Qc7+ 32. Kg1 Qc1 {[#]} 33. b4 $1 e3 34. fxe3 Ne4 35. Qxd5 Nd2 (35... Qb1 $16 {is a better defense.}) 36. Qf5+ Kh8 37. Qg4 f5 38. Qe2 Ne4 {[#]} 39. Qe1 $1 Qa1 (39... Qc4 {was necessary.} 40. a5 Kg8) 40. a5 Nd6 41. Qd2 Nc4 42. Qd4 Qc1 {intending ...Nd2.} 43. Kf1 Nxe3+ 44. Qxe3 Qxd1+ {[%mdl 4096] Endgame KQ-KQ} 45. Kf2 Qc2+ 46. Kg3 g5 (46... Kg8 $142 47. a6 f4+ 48. Qxf4 (48. Kxf4 Qc4+ 49. Qe4 Qxa6 $18) 48... Qd3+ 49. Kh2 Qxa6 50. Qb8+ Kh7) 47. Qe5+ Kh7 48. Kh2 f4 {Now ...f3 and Black clings on.} 49. Qd5 Qa4 $2 (49... Qe2 50. b5 f3 51. Qf7+ Kh8 52. Qxf3 Qxb5 53. Qf6+ Kg8) 50. Qf7+ Kh8 51. Qg6 Qxb4 52. Qxh6+ Kg8 53. Qxg5+ Kh7 54. Qh5+ Kg7 55. Qg5+ Kh7 $1 56. h4 {[%cal Bh3h4,Bh4h5][%mdl 32]} Qd6 57. Qh5+ (57. h5 $142 f3+ 58. g3 Qd4 59. Qg6+ Kh8 60. a6 Qd2+ 61. Kh3 Qg2+ 62. Kg4) 57... Kg7 58. Qg5+ (58. Kh3 $18) 58... Kh7 $1 59. h5 f3+ 60. g3 f2 {[#]} 61. Qg6+ $1 Kh8 (61... Qxg6 62. hxg6+) 62. Qxd6 f1=Q {KQ-KQ} 63. Qh6+ Kg8 64. Qe6+ Kh8 65. Qe3 Qb5 66. Qc3+ Kh7 67. g4 Qd5 68. Qc7+ Kg8 69. Kg3 Qe6 70. Qd8+ Kh7 71. Qd3+ Kh8 72. a6 {[%cal Ba5a6,Ba6a7][%mdl 32]} Qe5+ 73. Kh3 Qa1 74. Qd8+ Kh7 75. Qe7+ Kh6 76. Qe3+ Kh7 77. a7 {Precision: White = 77%, Black = 45%.} 1-0

[Event "6th Altibox Norway Chess 2018"]
[Site "Stavanger"]
[Date "2018.05.28"]
[Round "1.5"]
[White "Mamedyarov, Shakhriyar"]
[Black "Vachier-Lagrave, Maxime"]
[Result "1/2-1/2"]
[WhiteElo "2808"]
[BlackElo "2789"]
[Annotator "TA"]
[PlyCount "49"]
[EventDate "2018.05.26"]
[EventType "tourn"]
[EventRounds "9"]
[EventCountry "NOR"]
[SourceTitle "playchess.com"]
[Source "ChessBase"]
[SourceQuality "1"]

{[%evp 12,49,12,0,38,31,35,39,45,22,38,33,36,30,37,27,31,28,32,36,42,43,38,29,28,23,25,18,29,35,29,16,28,0,0,0,19,0,0,0]} 1. d4 Nf6 2. c4 g6 3. Nc3 d5 4. Nf3 Bg7 5. e3 O-O 6. Bd2 dxc4 7. Bxc4 {LiveBook: 4 Games} Nbd7 {D94: Grünfeld: 4 Nf3 Bg7 5 e3} (7... c5 $5) (7... Nfd7 8. O-O c5 9. dxc5 Nxc5 10. Qe2 Nc6 11. Rfd1 Bg4 12. h3 Bxf3 13. Qxf3 Ne5 14. Qe2 Nxc4 15. Qxc4 {0-1 (32) Cocchi,A (2255)-Rombaldoni,A (2553) Civitanova Marche 2016}) 8. e4 $146 ({Predecessor:} 8. b4 Ne8 9. O-O Nd6 10. Bb3 e5 11. Rc1 c6 12. a4 Qe7 13. e4 exd4 14. Bg5 Bf6 15. Bxf6 Qxf6 16. Qxd4 Qxd4 17. Nxd4 c5 18. bxc5 Nxc5 {½-½ (18) Gokhale,A (2217)-Harika,D (2353) Calicut 2003}) 8... c5 {[#] aiming for ...cxd4.} 9. d5 Ne8 {White is slightly better.} 10. Qe2 a6 11. a4 Nd6 12. Bd3 Ne5 13. Nxe5 Bxe5 14. O-O e6 15. Be3 exd5 16. Nxd5 Be6 $1 17. Bxc5 {[#] f4 is the strong threat.} Bxd5 18. exd5 Re8 {Strongly threatening ...Bxh2+!} 19. Qd2 Rc8 20. Be3 Qf6 21. Bg5 Qg7 22. Bh6 Qf6 {The position is equal.} 23. Bg5 Qg7 24. Bh6 Qf6 25. Bg5 {Precision: White = 78%, Black = 76%.} 1/2-1/2

[Event "6th Altibox Norway Chess 2018"]
[Site "Stavanger"]
[Date "2018.05.29"]
[Round "2.2"]
[White "Caruana, Fabiano"]
[Black "Mamedyarov, Shakhriyar"]
[Result "1/2-1/2"]
[WhiteElo "2822"]
[BlackElo "2808"]
[Annotator "TA RC"]
[PlyCount "52"]
[EventDate "2018.05.26"]
[EventType "tourn"]
[EventRounds "9"]
[EventCountry "NOR"]
[SourceTitle "playchess.com"]
[Source "ChessBase"]
[SourceQuality "1"]

{[%evp 19,52,28,34,0,0,0,0,0,0,0,0,-46,7,19,31,8,33,44,50,63,58,58,72,13,24,0,0,0,0,0,0,0,0,0,0]} 1. e4 e5 2. Nf3 Nf6 3. Nxe5 d6 4. Nf3 Nxe4 5. Nc3 Nxc3 6. dxc3 Be7 7. Be3 O-O 8. Qd2 {C42: Russische Verteidigung (Petrow)} b6 (8... Nd7 9. O-O-O c6 10. Kb1 d5 11. c4 Nb6 12. cxd5 Nxd5 13. Bc4 Bf5 14. Bxd5 cxd5 15. Qxd5 Qc8 {0-1 (39) Robson,R (2660)-Caruana,F (2804) Saint Louis 2018}) 9. O-O-O Bb7 10. h4 Nd7 {LiveBook: 7 Partien} 11. Bd3 Re8 12. Kb1 $146 ({Vorgänger:} 12. h5 Bf6 13. Nd4 Ne5 14. Bb5 {1-0 (14) Tiemann,H (2361)-Torres,C (2388) GER email 2016}) 12... Bf6 13. Rh3 Nc5 14. Bxc5 bxc5 15. g4 c4 (15... g6 $15) 16. Bxc4 $11 {Mit der Idee g5.} Re4 17. Qd3 {[#] Und g5 würde nun gewinnen.} (17. Bd5 {keeps more tension.} Bxd5 18. Qxd5 Rxg4 19. Rg3 Rxg3 20. fxg3 Rc8 21. a4) 17... d5 (17... Rxg4 {is interesting.} 18. Ng5 Bxg5 19. hxg5 Be4 20. Qe2 Bf5) 18. Bxd5 Qxd5 19. Qxd5 Bxd5 20. Rxd5 Rxg4 21. Ra5 (21. Rc5 $16) 21... Rg2 22. a4 Rxf2 {Die Stellung ist ausgeglichen.} 23. h5 Rf1+ 24. Ka2 Rf2 25. Kb1 Rf1+ 26. Ka2 Rf2 {Precision: Weiß = 47%, Schwarz = 69%.} 1/2-1/2

[Event "6th Altibox Norway Chess 2018"]
[Site "Stavanger"]
[Date "2018.05.29"]
[Round "2.3"]
[White "Karjakin, Sergey"]
[Black "Carlsen, Magnus"]
[Result "1/2-1/2"]
[WhiteElo "2782"]
[BlackElo "2843"]
[Annotator "TA RC"]
[PlyCount "82"]
[EventDate "2018.05.26"]
[EventType "tourn"]
[EventRounds "9"]
[EventCountry "NOR"]
[SourceTitle "playchess.com"]
[Source "ChessBase"]
[SourceQuality "1"]

{[%evp 22,82,20,27,19,20,18,8,8,8,8,2,5,11,13,8,7,3,12,0,0,0,0,0,0,0,0,0,14,12,11,13,15,0,15,8,6,3,8,8,0,8,12,0,0,0,0,0,0,0,0,0,0,0,0,0,0,0,0,0,0,0,0]} 1. e4 e5 2. Nf3 Nc6 3. Bb5 a6 4. Ba4 Nf6 5. O-O Bc5 6. c3 O-O 7. d4 Ba7 8. dxe5 {C78: Spanische Partie (Archangelsk- und Möller-Variante)} (8. Re1 b5 9. Bb3 d6 10. h3 Bb7 11. a4 Ne7 12. Bc2 Ng6 13. Na3 c6 14. Bd3 Re8 15. Nc2 h6 16. dxe5 dxe5 {0-1 (35) Topalov,V (2749)-Wojtaszek,R (2744) Shamkir 2018}) 8... Nxe4 9. Qd5 Nc5 10. Bc2 Ne7 11. Qd1 d5 12. exd6 {LiveBook: 4 Partien} Qxd6 13. Qxd6 {Die Stellung ist ausgeglichen.} cxd6 14. Rd1 Bg4 15. Rxd6 $146 ({Vorgänger:} 15. Be3 Bxf3 16. gxf3 {½-½ (30) Kuosmanen,K (2180)-Mujunen,M (2245) ICCF email 2015}) 15... Bf5 16. Na3 Ne4 17. Bxe4 Bxe4 18. Rd1 Nf5 19. Nc4 Rfe8 20. Be3 Bxe3 21. Nxe3 Nxe3 22. fxe3 Bxf3 $1 23. gxf3 Rxe3 $11 {[%mdl 4096] Endspiel KTT-KTT} 24. Rd7 Rb8 25. Rad1 Kf8 26. Kf2 Re7 27. Rd8+ Re8 28. Rxb8 (28. R8d4 {keeps more tension.} Re6 29. a4 Rbe8 30. R1d2 R8e7 31. Rd8+) 28... Rxb8 {KT-KT} 29. Rd7 Ke8 30. Rc7 b5 31. Rc6 Ra8 32. c4 Kd7 33. cxb5 axb5 34. Rb6 Rxa2 35. Rxb5 Ra4 36. Kg3 Rd4 37. Rb7+ Ke6 38. Rb6+ Kf5 39. Rb5+ Ke6 40. Rb6+ Kf5 41. Rb5+ Ke6 {Precision: Weiß = 70%, Schwarz = 71%.} 1/2-1/2

[Event "6th Altibox Norway Chess 2018"]
[Site "Stavanger"]
[Date "2018.05.29"]
[Round "2.4"]
[White "Aronian, Levon"]
[Black "So, Wesley"]
[Result "1/2-1/2"]
[WhiteElo "2764"]
[BlackElo "2778"]
[Annotator "TA"]
[PlyCount "86"]
[EventDate "2018.05.26"]
[EventType "tourn"]
[EventRounds "9"]
[EventCountry "NOR"]
[SourceTitle "playchess.com"]
[Source "ChessBase"]
[SourceQuality "1"]

{[%evp 28,86,6,8,8,7,6,6,30,21,27,0,16,9,6,7,15,7,7,8,24,16,29,4,8,0,0,0,0,0,0,0,0,0,7,8,8,6,6,6,6,4,6,10,24,0,0,0,0,0,0,0,0,0,0,0,0,0,0,0,0]} 1. d4 Nf6 2. c4 e6 3. Nf3 d5 4. g3 Be7 5. Bg2 O-O 6. O-O dxc4 7. Qc2 a6 8. a4 Bd7 {[%cal Bc8d7,Bd7c6,Bc6d5][%mdl 32]} 9. Qxc4 Bc6 10. Bg5 Bd5 11. Qc2 Be4 12. Qd1 {E05: Open Catalan: 5 Nf3 Be7} h6 (12... c5 13. dxc5 Bxc5 14. Qxd8 Rxd8 15. Nbd2 Bc6 16. Rfc1 Bb4 17. Rc4 Be7 18. Ne5 Bxg2 19. Kxg2 Nbd7 {½-½ (33) Meier,G (2648)-Hou,Y (2654) Karlsruhe/Baden-Baden 2018}) 13. Bxf6 Bxf6 14. Nc3 Bxf3 15. Bxf3 {LiveBook: 21 Games} Qxd4 16. Bxb7 $146 ({Predecessor:} 16. Qxd4 Bxd4 17. Bxb7 Ra7 18. Bf3 Nd7 19. Rfd1 c5 {1-0 (48) Hauser,J (2364)-Gross Winter,G (2244) ICCF email 2012}) 16... Ra7 {[#] White must now prevent ...Qxd1.} 17. Bg2 Nd7 18. Ne4 c5 19. Rb1 (19. Nxf6+ {with more complications.} Qxf6 20. b3 c4 21. bxc4 Rc8 22. e3) 19... Qxd1 20. Rfxd1 Rb8 21. b3 Be7 22. e3 c4 23. bxc4 Rxb1 24. Rxb1 Rc7 25. c5 Nxc5 26. Rc1 f5 27. Nxc5 Rxc5 $11 {[%mdl 4096] Endgame KRB-KRB} 28. Rb1 Kf7 29. Rb6 a5 30. Bc6 Bd8 31. Ra6 Ke7 32. Kg2 g5 33. h3 Bc7 34. Bb5 Rc3 35. Ra8 Rc2 36. Ra6 h5 {The position is equal.} 37. Rc6 Rxc6 38. Bxc6 {KB-KB} h4 39. gxh4 gxh4 40. e4 Kd6 41. Bb7 Ke7 42. Bc6 Kd6 43. Bb7 Ke7 {Precision: White = 66%, Black = 63%.} 1/2-1/2

[Event "6th Altibox Norway Chess 2018"]
[Site "Stavanger"]
[Date "2018.05.29"]
[Round "2.5"]
[White "Nakamura, Hikaru"]
[Black "Anand, Viswanathan"]
[Result "1/2-1/2"]
[WhiteElo "2769"]
[BlackElo "2760"]
[Annotator "TA"]
[PlyCount "77"]
[EventDate "2018.05.26"]
[EventType "tourn"]
[EventRounds "9"]
[EventCountry "NOR"]
[SourceTitle "playchess.com"]
[Source "ChessBase"]
[SourceQuality "1"]

{[%evp 9,77,9,10,0,8,8,25,6,3,3,3,3,8,6,9,8,1,6,7,0,17,17,17,17,11,12,6,0,25,0,6,6,0,0,0,-6,-8,-25,0,-8,-4,-8,-6,-6,-6,-7,0,0,0,0,0,0,0,0,0,0,0,0,0,0,0,0,0,0,0,0,0,0,0,0]} 1. d4 Nf6 2. c4 e6 3. Nf3 d5 4. Nc3 Be7 5. cxd5 exd5 6. h3 {D35: Queen's Gambit Declined: Exchange Variation} (6. Qc2 c6 7. h3 g6 8. Bh6 Bf5 9. Qc1 Nbd7 10. e3 Bf8 11. Bxf8 Kxf8 12. Be2 Kg7 13. O-O a5 {1-0 (42) Khismatullin,D (2632)-Howell,D (2676) Riadh 2017}) 6... O-O 7. Bf4 c5 8. dxc5 {White has an edge.} Bxc5 9. e3 Nc6 10. Be2 d4 11. exd4 Bxd4 $146 ({Predecessor:} 11... Nxd4 12. Nxd4 Qxd4 13. Qxd4 Bxd4 14. O-O Bxc3 15. bxc3 {0-1 (43) Sarwer,J (2344)-Pihlajasalo,A (2442) Finland 2016}) 12. O-O Bxc3 13. bxc3 h6 14. Qb3 Ne4 15. Qc2 Re8 16. Bd3 Nc5 17. Bh7+ Kh8 18. Be3 Qa5 19. Nd2 {[%cal Bf3d2,Bd2c4,Bc4d6][%mdl 32] [#] Black must now prevent Nc4.} Na4 20. Nc4 Qxc3 21. Nd6 {[%cal Rd6f7]} Re7 22. Qxa4 Kxh7 23. Rac1 Qf6 (23... Qd3 {is more complex.} 24. Bc5 Be6 25. Nxb7 Rxb7 26. Qxc6 Bd5) 24. Nxc8 {The position is equal.} Rxc8 25. Bxa7 Nxa7 (25... Ra8 $5 26. Qc2+ $8 Qg6 $11) 26. Rxc8 Nxc8 27. Qc2+ Qg6 28. Qxc8 $11 {[%mdl 4096] Endgame KQR-KQR} Re2 29. Qxb7 Rxa2 30. Qb1 (30. Qf3 {with more complications.} Rd2 31. Re1 f6 32. Re3 Qc2 33. g3) 30... Qxb1 (30... Rd2 {feels hotter.} 31. Rc1 Qxb1 32. Rxb1 Kg6 33. Rb6+ f6) 31. Rxb1 {KR-KR} h5 32. h4 g6 33. g3 Ra3 34. Kg2 Ra2 35. Rb7 Kg7 36. Rc7 Kf6 37. Rb7 Kg7 38. Rc7 Kf6 39. Rb7 {Precision: White = 57%, Black = 56%.} 1/2-1/2

[Event "6th Altibox Norway Chess 2018"]
[Site "Stavanger"]
[Date "2018.05.30"]
[Round "3.2"]
[White "So, Wesley"]
[Black "Nakamura, Hikaru"]
[Result "1/2-1/2"]
[WhiteElo "2778"]
[BlackElo "2769"]
[Annotator "TA"]
[PlyCount "93"]
[EventDate "2018.05.26"]
[EventType "tourn"]
[EventRounds "9"]
[EventCountry "NOR"]
[SourceTitle "playchess.com"]
[Source "ChessBase"]
[SourceQuality "1"]

{[%evp 19,93,0,8,-14,0,0,0,0,0,0,14,9,9,9,23,18,33,20,16,17,25,0,34,34,34,34,53,51,56,64,65,69,58,65,56,56,37,0,0,0,0,0,0,0,0,0,0,0,0,0,0,0,0,0,0,0,0,0,0,0,0,0,0,0,0,0,0,0,0,0,0,0,0,0,0,0]} 1. Nf3 d5 2. d4 Nf6 3. c4 e6 4. Nc3 Be7 5. Bg5 h6 6. Bh4 O-O 7. e3 Ne4 8. Bxe7 Qxe7 9. Rc1 c6 10. g4 {D56: Queen's Gambit Declined: Lasker Defence} Rd8 {LiveBook: 5 Games} 11. Qc2 $146 ({Predecessor:} 11. Rg1 c5 12. cxd5 Nxc3 13. Rxc3 cxd4 14. Nxd4 exd5 15. g5 hxg5 16. Qh5 g4 17. Rxc8 Rxc8 18. Qxg4 {½-½ (71) Ragger,M (2651)-Alekseev,E (2659) Khanty-Mansiysk 2011}) 11... Nd7 {[%cal Bb8d7,Bd7e5,Be5c4][%mdl 32]} 12. Nxe4 dxe4 13. Qxe4 Qb4+ 14. Ke2 e5 {[#] White must now prevent ...Nf6.} 15. Qc2 exd4 16. Nxd4 Ne5 17. h3 c5 18. Nf5 $1 Bxf5 19. gxf5 b5 {[%cal Re5c4]} 20. Qc3 (20. Bg2 {with more complications.} Rab8 21. b3 bxc4 22. bxc4 Qb2 23. Rhd1) 20... Nxc4 (20... Qxc3 {is interesting.} 21. Rxc3 Nxc4 22. b3 Rd2+ 23. Kf3 Ne5+) 21. Qxb4 cxb4 22. b3 Nb6 23. e4 Rac8 24. Rxc8 Rxc8 $14 {[%mdl 4096] Endgame KRB-KRN} 25. Kd2 a6 26. Bd3 Kf8 27. f4 f6 28. Rc1 Rxc1 {The position is equal.} 29. Kxc1 $11 {KB-KN} Ke7 30. Kd2 Kd6 $1 31. Be2 Kc5 {aiming for ...Kd4.} 32. Kd3 Nc8 33. Bh5 Ne7 34. Be8 Nc8 35. Bd7 Ne7 36. h4 Kd6 37. Be8 Kc5 38. Ke3 Nc8 39. Bd7 Ne7 40. Kd3 Kd6 41. Be6 g6 42. Ke3 a5 43. Kd4 {[#] Threatens to win with e5+.} Nc6+ 44. Kd3 Ne7 45. Kd4 {Strongly threatening e5+.} Nc6+ 46. Ke3 Ne7 47. Kd4 {Precision: White = 84%, Black = 69%.} 1/2-1/2

[Event "6th Altibox Norway Chess 2018"]
[Site "Stavanger"]
[Date "2018.05.30"]
[Round "3.3"]
[White "Carlsen, Magnus"]
[Black "Aronian, Levon"]
[Result "1-0"]
[WhiteElo "2843"]
[BlackElo "2764"]
[Annotator "TA"]
[PlyCount "61"]
[EventDate "2018.05.26"]
[EventType "tourn"]
[EventRounds "9"]
[EventCountry "NOR"]
[SourceTitle "playchess.com"]
[Source "ChessBase"]
[SourceQuality "1"]

{[%evp 21,61,14,24,19,19,17,12,8,44,41,44,45,48,52,46,35,40,36,44,33,36,19,45,29,41,42,70,44,83,83,90,89,80,73,222,222,408,408,397,398,384,380]} 1. e4 e5 2. Nf3 Nc6 3. Bb5 Nf6 4. O-O Nxe4 5. Re1 Nd6 6. Nxe5 Be7 7. Bf1 Nxe5 8. Rxe5 O-O 9. d4 Bf6 10. Re1 Nf5 {C67: Ruy Lopez: Berlin Defence: 4 0-0 Nxe4} 11. d5 Re8 {LiveBook: 13 Games} 12. Rxe8+ (12. Bd3 Rxe1+ 13. Qxe1 Qe7 14. Qxe7 Nxe7 15. d6 cxd6 16. Na3 d5 17. Nb5 d6 18. Nxd6 {½-½ (32) Caruana,F (2784)-Aronian,L (2794) Karlsruhe/Baden-Baden 2018}) 12... Qxe8 {The position is equal.} 13. Qd3 d6 14. Nd2 $146 ({Predecessor:} 14. Nc3 Bd7 15. Bd2 Qe5 16. Rb1 Qd4 17. Ne4 Be7 18. c4 Qxd3 19. Bxd3 {½-½ (52) Nichols,S (2253)-Larwinski,P (2167) LSS email 2013}) 14... Bg5 15. Nf3 Bxc1 16. Rxc1 Bd7 17. Re1 Qd8 18. Qc4 g6 19. h3 Ng7 20. Re3 a5 21. a4 Ne8 22. Qd4 Ng7 {[#] Strongly threatening ...Nf5.} 23. g4 c6 24. c4 Ne8 25. Qf4 $36 {[%mdl 2048] Keeping Black busy.} Kg7 26. Rb3 Rb8 27. Ng5 Nf6 {[#]} (27... Qf6 $16 28. Qd2 h6) 28. Rf3 $1 $18 {Hoping for Qd4.} (28. Qxd6 cxd5 29. Rf3 (29. cxd5 h6 $11) 29... Bc6 $16) 28... h6 $2 (28... Qe7 {keeps fighting.}) 29. Ne4 {White is winning.} Nxe4 30. Qxf7+ ({Not} 30. Qxe4 c5 $14) 30... Kh8 {...Ng5 is the strong threat.} 31. Qxg6 {Precision: White = 70%, Black = 48%.} 1-0